[Event "ISR-ch"]
[Site "Jerusalem"]
[Date "1996.??.??"]
[Round "5"]
[White "Mikhalevski, Victor"]
[Black "Greenfeld, Alon"]
[Result "1/2-1/2"]
[WhiteElo "2500"]
[BlackElo "2555"]
[Annotator "Kantsler,B"]
[PlyCount "52"]
[EventDate "1996.10.26"]
[EventType "swiss"]
[EventRounds "9"]
[EventCountry "ISR"]
[SourceTitle "CBM 056"]
[Source "ChessBase"]
[SourceDate "1997.02.01"]
[SourceVersion "1"]
[SourceVersionDate "1997.02.01"]
[SourceQuality "1"]

1. d4 Nf6 2. c4 e6 3. Nf3 b6 4. Nc3 Bb7 5. a3 d5 6. Bg5 Be7 7. Qa4+ c6 8. cxd5
(8. Bxf6 Bxf6 9. cxd5 exd5 10. g3 O-O 11. Bg2 Re8 (11... Nd7 12. O-O Be7 13.
Rfd1 f5 $6 (13... Re8) 14. e3 Bd6 15. Ne2 Qe7 16. Nf4 $14 {Karpov,A-Korchnoi,V/
Dortmund/1994/0:1/72/}) (11... c5 12. Rd1 Qe7 13. O-O Rd8 14. e3 Nd7 (14... Na6
15. Rd2 g6 16. Rfd1 cxd4 (16... Nc7 $32 $10 {Razuvaev/}) 17. exd4 Nc7 18. Re1
Qd6 19. Ne5 Re8 20. Rde2 $16 {Tukmakov,V-Razuvaev,Y/Geneva/1996/0,5/37/}) 15.
Qb3 c4 16. Qc2 Nf8 17. Rfe1 Ne6 18. h4 Rac8 19. Bh3 h6 20. Nh2 $14 {Delemarre,
J-Van-Wely,L/Wijk aan Zee/1995/}) 12. O-O Nd7 13. Rfd1 Nf8 14. Rac1 Qb8 15. e3
Ne6 16. b4 $14 {Morovic,I-Epishin,V/Las Palmas/1994/1:0/60/}) 8... Nxd5 9. Bxe7
(9. Nxd5 Bxg5 10. Nc3 O-O 11. e4 Nd7 12. e5 Be7 13. O-O-O $2 b5 14. Qc2 b4 15.
axb4 a5 $32 $17 {Gelfand,B-Dzindzikhashvili,R/Manila-izt/1990/0,5/32/}) 9...
Nxc3 10. Qxc6+ (10. bxc3 Qxe7 $10) 10... Nxc6 11. Bxd8 Nb5 12. Bg5 Nbxd4 13.
Nxd4 Nxd4 14. Rd1 h6 15. Bxh6 {N/} (15. Bf4 Rd8 16. Rc1 O-O 17. e3 Nc6 18. Bb5
Ne7 19. O-O a6 20. Rc7 Be4 21. Bxa6 Nd5 22. Rcc1 Nxf4 23. exf4 Rd2 $14 {
Greenfeld,A-Gurevich,M/Haifa/1995/0,5/49/}) 15... Nc2+ $8 (15... Rxh6 16. Rxd4
$16) 16. Kd2 Rxh6 17. Kxc2 Rc8+ 18. Kb1 (18. Kd2 e5 $44) 18... e5 $1 19. e3 (
19. f3 $6 e4 $15) 19... Be4+ 20. Ka2 Rc2 21. Bb5+ (21. f3 Bc6 $44) 21... Bc6
22. Rd5 Bxb5 23. Rxe5+ Re6 24. Rxb5 Rxf2 25. Rc1 $5 (25. Rg5 $6 g6 26. Re1 Rd6
$15) 25... Rxg2 26. Rd5 $5 Rxe3 (26... Rxh2 27. Rc8+ Ke7 28. Rc7+ Ke8 (28...
Kf6 $2 29. Rdd7 $14) 29. Rc8+ $10) 1/2-1/2

[Event "Tata Steel-A 74th"]
[Site "Wijk aan Zee"]
[Date "2012.01.24"]
[Round "9"]
[White "Carlsen, Magnus"]
[Black "Karjakin, Sergey"]
[Result "0-1"]
[WhiteElo "2835"]
[BlackElo "2769"]
[Annotator "Karjakin,S"]
[PlyCount "120"]
[EventDate "2012.01.14"]
[EventType "tourn"]
[EventRounds "13"]
[EventCountry "NED"]
[EventCategory "21"]
[SourceTitle "CBM 147"]
[Source "ChessBase"]
[SourceDate "2012.03.16"]
[SourceVersion "1"]
[SourceVersionDate "2012.03.16"]
[SourceQuality "1"]

1. Nf3 Nf6 2. c4 b6 3. Nc3 Bb7 4. d4 e6 5. a3 d5 6. Bg5 Be7 7. e3 O-O 8. Rc1 {
Magnus chooses the rare moves of the Petrosian line and already here I started
to think... Magnus wählt die seltenen Züge der Petrosian-Variante, und bereits
hier begann ich zu überlegen...} h6 {Not the most common move, which was
evaluated differently!  Nicht der häufigste Zug, und er wird unterschiedlich
bewertet!} 9. Bxf6 Bxf6 10. cxd5 exd5 11. Bd3 c5 12. O-O {I heard different
evaluations of this position. Aronian told me that this is a famous position
from the Queen's Gambit with an extra tempo for White, but Magnus said that
the position is absolutely harmless for Black... Zu dieser Stellung hörte ich
unterschiedliche Einschätzungen. Aronian sagte mir, dies sei eine berühmte
Stellung aus dem Damengambit mit einem Extratempo für Weiß, dagegen meinte
Magnus, die Stellung sei absolut harmlos für Schwarz...} Na6 {Preparing Nc7-e6,
but later the knight went another way... Bereitet Nc7-e6 vor, doch später ging
der Springer einen anderen Weg...} 13. Ne5 {Interesting try, White is
preparing f2-f4. I expected more Ne2 and then Ng3 or Nf4. Also possible was
Bb1 with an unclear position. Interessanter Versuch, Weiß bereitet f2-f4 vor.
Ich erwartete eher Ne2 und dann Ng3 oder Nf4. Ebenfalls möglich war Bb1 mit
unklarer Stellung.} cxd4 14. exd4 Bxe5 ({The interesting alternative Die
interessante Alternative} 14... Nc5 {seemed quite risky to me in view of
schien mir ziemlich riskant angesichts von} 15. Nxf7 ({A quieter move is Ein
ruhigerer Zug ist} 15. f4) 15... Rxf7 16. dxc5 bxc5 17. Qh5 {and for the human
the position looks very dangerous with such a weak diagonal b1-h7. , und für
den Menschen sieht die Stellung mit einer derart schwachen Diagonale b1-h7
brandgefährlich aus.}) 15. dxe5 Nc5 16. Re1 $1 {The only one try to fight for
an advantage! Der einzige Versuch, um Vorteil zu kämpfen!} (16. Nb5 Nxd3 17.
Qxd3 Ba6 $11 {is fine for Black, for example: ist in Ordnung für Schwarz, zum
Beispiel:} 18. f4 Rc8 19. Rce1 $6 {Trying to play for a win. Versucht, auf
Gewinn zu spielen.} ({White should make a draw after Weiß sollte Remis machen
mit} 19. Rxc8 Qxc8 20. Qxd5 Qc5+ 21. Qxc5 bxc5 22. a4 Bxb5 23. axb5 Rb8 $11)
19... Qd7 20. a4 Rc4 $1 21. b3 Bxb5 22. axb5 Rb4 $15) 16... Re8 ({The most
logical move does not work: Der logischste Zug funktioniert nicht:} 16... d4
17. Ne4 Bxe4 (17... Qd5 $2 18. Bc4 $1 Qxe5 19. Nxc5 Qxc5 20. Bxf7+ $18) 18.
Bxe4 d3 19. Rxc5 bxc5 20. Bxa8 Qxa8 21. Qxd3 {with an extra pawn for White.
mit einem Mehrbauern für Weiß.}) 17. f4 $6 {After this move White is not
fighting for an advantage any longer! Nach diesem Zug kämpft Weiß nicht länger
um Vorteil!} ({White should have played Richtig für Weiß war} 17. Bf1 a6 {
Black should cover the b5-square. Schwarz sollte das b5-Feld decken} 18. Rc2 $1
{keeping a minimal advantage. , was minimalen Vorteil bewahrt.}) 17... d4 18.
Ne4 $2 {Almost the decisive mistake! After this move White gets a very bad
position... Fast schon der entscheidende Fehler! Nach diesem Zug erhält Weiß
eine sehr schlechte Stellung...} (18. Nb5 Qd5 19. Rc2 Nxd3 20. Qxd3 Ba6 21. a4
Bxb5 22. axb5 Rac8 {with a draw. mit Remis.}) 18... Bxe4 19. Bxe4 d3 $1 {
Nice move, which because of the inclusion 16...Re8 17.f4 now works! Schöner
Zug, der jetzt wegen der Einschaltung von 16...Re8 17.f4 funktoniert!} 20. Rc4
{I also thought this is the strongest, but the lesser evil was 20.Re3. Dies
hielt ich auch für am stärksten, doch das geringere Übel war 20.Re3.} (20. Bxa8
d2 21. Bc6 Qd4+ 22. Kh1 dxe1=Q+ 23. Qxe1 Nd3 24. Qf1 Re6 25. Rc2 Nxf4 $17) (20.
Re3 $1 Qd4 21. Qf3 Rac8 22. Rd1 d2 23. Kf1 {and White is somehow holding...
und Weiß hält sich irgendwie...}) (20. Rxc5 Qd4+ $1 {Here we can understand
the importance of the inclusion 16...Re8 17.f4. Hier sehen wir die Tragweite
der Einschaltung von 16...Re8 17.f4.}) 20... Rc8 21. Bf5 Qd5 {Also strong was
21...b5, but I wanted my b6-pawn to support the knight on c5. Ebenfalls stark
war 21...b5, aber ich wollte meinen b6-Bauern stehenlassen, um den Springer
auf c5 zu stützten.} 22. Rc3 Rcd8 23. Qd2 Qd4+ 24. Kh1 (24. Kf1 a5 {was
equally bad for White. war ebenfalls schlecht für Weiß.}) 24... a5 $1 {Playing
against b4. Gegen b4 gerichtet.} 25. Rb1 {It was hard to suggest anything
instead... Es fiel schwer, etwas anderes vorzuschlagen...} a4 26. Rd1 Rd5 {
This is a bit too much! Of course Black's position was very good, but why not
just win an exchange by playing Dies ist ein bisschen zu viel! Natürlich war
die schwarze Stellung sehr gut, aber warum nicht einfach eine Qualität
gewinnen durch} (26... g6 $1 27. Bxd3 Ne4 28. Bxe4 Qxd2 29. Rxd2 Rxd2 $19 {
with an easy win! mit leichtem Sieg!}) 27. h4 g6 ({A stronger try was Ein
stärkerer Versuch war} 27... Red8 28. h5 f6 $19 {and White is defenceless! und
Weiß ist wehrlos.}) 28. Bxd3 Red8 29. Qe1 Qxf4 30. e6 $1 Nxe6 (30... Nxd3 $6
31. Rdxd3 Rxd3 32. e7 {with drawing chances. mit Remischancen.}) 31. Bc2 {
White is defending very well! Weiß verteidigt sich sehr gut!} b5 ({The
strongest was Am stärksten war} 31... Nd4 $1 32. Bxa4 Nf5 33. Rxd5 Rxd5 34.
Qe8+ Kg7 35. Bb3 Qxh4+ {and Black wins! But being down on time I decided to
play safer... und Schwarz gewinnt. Aber da ich weniger Zeit hatte, beschloss
ich, sicherer zu spielen...}) 32. Rxd5 Rxd5 33. Re3 Nd4 34. Bd3 (34. Bxg6 {
does not work: funktioniert nicht:} fxg6 35. Re8+ Kg7 36. Re7+ Kf6 $19) 34...
Kg7 35. Kg1 Qf6 36. Kh2 ({More stubborn was Hartnäckiger war} 36. Qf2 Nf5 (
36... Qd6 $5) 37. Bxf5 Rxf5 38. Rf3 Rxf3 39. gxf3 {and though the position
should be winning, still a lot of work is required. und obwohl die Stellung
gewonnen sein sollte, ist noch eine Menge Arbeit erforderliche.}) 36... Rh5 {
Playing in mutual time trouble. In beiderseitiger Zeitnot gespielt.} ({It was
even stronger to play Noch stärker war} 36... Rc5 $1 {and Black is dominating!
und Schwarz dominiert!}) 37. Rh3 ({There was the slightly more stubborn Hier
gab es das etwas hartnäckigere} 37. Re4) 37... Ne6 {Here Black had many ways,
but before the time control I chose the most human moves... An dieser Stelle
hatte Schwarz viele Möglichkeiten, aber vor der Zeitkontrolle wählte ich die
menschlichsten Züge...} (37... Qf4+ 38. Qg3 Nf3+ $1 39. gxf3 Qd2+ $19) 38. Rf3
Rxh4+ 39. Kg1 Qd4+ 40. Qf2 Qxf2+ 41. Kxf2 b4 {Starting from here Magnus
defended very well, but 2 pawns was enough even for me... Von hier an
verteidigte sich Magnus sehr gut, aber zwei Bauern waren selbst für mich genug.
..} 42. Re3 Rd4 43. Bb5 Kf6 44. Rf3+ (44. Bxa4 bxa3 45. Rxa3 Rd2+ $19) 44...
Ke7 45. Rd3 bxa3 46. bxa3 Rf4+ (46... Rxd3 47. Bxd3 Nc5 48. Bb5 f5 49. Ke3 g5
50. Kd4 Kd6 {should also be winning, but I wanted to keep the rooks. sollte
ebenfalls gewinnen, aber ich wollte die Türme behalten.}) 47. Ke3 f5 48. Rd7+
Kf6 49. Rd6 Re4+ 50. Kf2 Kg5 51. Be8 (51. Bc6 Nc5 $1 $19) 51... Nf4 52. Bb5 Re5
53. Bc4 (53. Bxa4 Re2+ $19) 53... Nh5 {The decisive knight manoeuvre! Black
gives up the a4-pawn, but creates a mating threat! Das entscheidende
Springermanöver! Schwarz gibt den a4-Bauern auf, stellt dafür aber eine
Mattdrohung auf!} 54. Ra6 Nf6 55. Rxa4 Ng4+ 56. Kf1 Kh4 $1 57. Be2 Kg3 58. Bxg4
fxg4 {Because Black's king will go to h2, the endgame is completely hopeless
for White! Da der schwarze König nach h2 gehen wird, ist das Endspiel komplett
hoffnungslos für Weiß!} 59. Rb4 h5 60. a4 Kh2 {White resigned! Weiß gab auf!}
0-1

[Event "Corus"]
[Site "Wijk aan Zee"]
[Date "2002.01.20"]
[Round "7"]
[White "Kasimdzhanov, Rustam"]
[Black "Adams, Michael"]
[Result "1/2-1/2"]
[WhiteElo "2695"]
[BlackElo "2742"]
[Annotator "Kasimdzhanov,R"]
[PlyCount "100"]
[EventDate "2002.01.12"]
[EventType "tourn"]
[EventRounds "13"]
[EventCountry "NED"]
[EventCategory "18"]
[SourceTitle "CBM 087"]
[Source "ChessBase"]
[SourceDate "2002.03.21"]
[SourceVersion "1"]
[SourceVersionDate "2002.03.21"]
[SourceQuality "1"]

{This game was perhaps the most painful experience for me in Wijk.} 1. d4 Nf6
2. c4 e6 3. Nf3 b6 4. a3 Ba6 5. Qc2 Bb7 6. Nc3 c5 7. e4 cxd4 8. Nxd4 Nc6 9.
Nxc6 Bxc6 10. Qe2 {White has been fairly successful with this move lately. In
Adams' games it occured 3 times.} d6 11. g3 Be7 12. Bg2 O-O 13. O-O Rc8 14. Rd1
Qc7 15. Bf4 $14 {white enjoys more space} Qb8 16. Rd2 Rfd8 17. Rad1 (17. Nd5
exd5 18. exd5 Bb7 19. Qxe7 Rxc4 20. Qe2 Rdc8 $132) 17... h6 18. h4 (18. g4 $142
Ne8 19. Bg3 $14) 18... Ne8 19. Rd3 a6 20. b3 {White didn't not manouvre too
well, and black could obtain a reasonable position with b5. Instead, he
blunders.} Qa8 $4 (20... b5 $132 21. cxb5 (21. c5 e5) 21... axb5 22. Nd5 Bf8
23. Nb4 Bb7 24. Bc1 d5 $13 25. exd5 Bxb4 26. axb4 Bxd5 27. Bf4 Qb7 28. Qd2 Nf6
29. Be5 Re8) 21. Nd5 $18 Qa7 22. Nxe7+ Qxe7 23. a4 e5 24. Bd2 Qb7 25. Bb4 f5
26. Bxd6 fxe4 27. R3d2 Nxd6 (27... e3 28. fxe3 Bxg2 29. Qxg2) 28. Rxd6 Qe7 29.
c5 (29. Rxd8+ Rxd8 30. Rxd8+ Qxd8 31. Bxe4 Bxe4 32. Qxe4 {was the simplest way
to win the game. Black doesn't have any chances to save the game because
white's pawn structure doesn't give any chances for a perpetual check.} Qd1+
33. Kh2 (33. Kg2 $2 Qxb3 34. Qa8+ Kh7 35. Qxa6 e4 $11) 33... Qxb3 34. Qa8+ Kh7
35. Qxa6 Qb2 36. Kg2 Qd4 37. Qb5 Qe4+ 38. Kh2 Qd4 39. Kg1 $18) 29... bxc5 30.
Qc4+ ({whit could still win with} 30. Qxa6 Rxd6 31. Qxc8+ Kh7 32. Rxd6 Qxd6 33.
a5 e3 (33... Qd5 34. Qf8 Qxb3 35. Qxc5 Qd1+ 36. Kh2 Qd5 37. Qxd5 Bxd5 38. a6
Kg6 39. Bh3 $18) 34. Qf5+ Kg8 (34... g6 35. Qf7+ Kh8 36. fxe3 $18) 35. fxe3
Bxg2 36. Kxg2 Qd2+ 37. Kf3 Qxa5 38. Qxe5 $18) 30... Kh8 31. Qxc5 $2 (31. Qxa6
Rxd6 32. Qxc8+ Kh7 33. Rxd6 Qxd6 34. a5 $18 {as in the previous note}) 31...
Rxd6 32. Rxd6 $6 (32. Qxd6 Qxd6 33. Rxd6 $16 {and this ending should be
winning in good hands} Bb7 34. Rd7 Bc6 35. Re7) 32... Rc7 $8 {the move I missed
} 33. Qb4 e3 34. fxe3 Bxg2 35. Kxg2 a5 36. Qd2 Rc8 37. Qd5 $6 $138 (37. Rd5 Rf8
38. e4 $16) 37... Qf8 38. Qxe5 Rc2+ 39. Kh3 Qf1+ 40. Kg4 Qe2+ 41. Kf5 (41. Kf4
Qf2+ 42. Ke4 Qg2+ 43. Kf5 Qf3+) 41... Qf3+ (41... Rc5 $2 42. Rxh6+) 42. Qf4 $6
(42. Kg6 Qg4+ 43. Kf7 Kh7 (43... Rf2+ 44. Ke7 Qb4 45. Qd4 Qb7+ 46. Rd7 Qxb3 47.
Rd8+ Kh7 48. Qe4+ g6 49. Rd7 Rf7+ 50. Ke8 Rxd7 51. Kxd7 $18) (43... Rc7+ 44.
Ke8 Qc8+ 45. Rd8 Qb7 46. Qe6 Qf3 47. g4) 44. Rd4 (44. Qd5 Rc7+ 45. Kf8 Rc8+ 46.
Ke7 Rc7+ 47. Rd7 Qb4+ 48. Qd6 Qe4+ 49. Qe6 Rxd7+ 50. Kxd7 Qb7+ 51. Ke8 Qb8+ 52.
Kd7 Qb7+) 44... Qf3+ 45. Ke7 Qb7+ 46. Rd7 Qb4+ 47. Ke8 Rc8+ 48. Rd8 Rc6 49. Qd5
Rf6 50. e4 Rf8+ 51. Kd7 Rf2 $44) 42... Rc5+ 43. Ke6 Qa8 44. Ke7 Rc7+ 45. Rd7
Rc8 46. Rc7 Re8+ 47. Kd6 Rd8+ 48. Ke7 Re8+ 49. Kd6 Rd8+ 50. Ke7 Re8+ 1/2-1/2

[Event "Interzonal-12c"]
[Site "Moscow"]
[Date "1982.09.09"]
[Round "3"]
[White "Kasparov, Garry"]
[Black "Murey, Jacob"]
[Result "1-0"]
[WhiteElo "2675"]
[BlackElo "2475"]
[Annotator "Kasparov,G"]
[PlyCount "51"]
[EventDate "1982.09.07"]
[EventType "tourn"]
[EventRounds "13"]
[EventCountry "URS"]
[EventCategory "12"]
[SourceTitle "IZT"]
[Source "ChessBase"]
[SourceDate "1999.07.01"]
[SourceVersion "1"]
[SourceVersionDate "1999.07.01"]
[SourceQuality "1"]

1. d4 Nf6 2. c4 e6 3. Nf3 b6 4. a3 Bb7 5. Nc3 d5 6. cxd5 Nxd5 7. Qc2 $5 {/\ e4}
(7. e3) 7... c5 (7... Be7 8. e4 Nxc3 9. bxc3 O-O 10. Bd3 c5 11. O-O cxd4 12.
cxd4 Nc6 13. Bb2 Rc8 14. Qe2 $14 {Portisch-Christiansen/1982/}) 8. e4 Nxc3 9.
bxc3 Nc6 (9... Nd7 $1 10. Bd3 Qc7 $1 {/\ 11.... cd 12.cd Qc2} 11. Qd2 (11. Qb1
g6 12. O-O Bg7 $15 {Hort-Miles}) 11... g6 12. O-O Bg7 $15 {Kasparov-Sosonko/
Luzern ol/1982/1/2/12/}) 10. Bb2 $1 {/\ 11.Rd1} Rc8 $2 (10... Be7 {Siehe:
Portisch-Christiansen}) 11. Rd1 {/\ 12.d5} cxd4 12. cxd4 a6 (12... Nxd4 $2 13.
Qa4+) (12... Ne5 13. Bb5+ Bc6 14. dxe5 $1) (12... Nb4 13. Qa4+ Bc6 14. Qb3) 13.
Qd2 $1 {/\ d5-d6-d7} (13. d5 Ne5 (13... Nb4 14. Qa4+ b5 15. Bxb5+ axb5 16.
Qxb5+ Qd7 17. Qxd7+ Kxd7 18. dxe6+ Kxe6 19. Nd4+ $1 Ke5 20. O-O Na6 21. Nc6+
Kf4 22. Bc1+ $1 Kxe4 23. Rfe1+ Kf5 24. Rd5+ Kg6 25. Rg5+ Kf6 26. f4 $1 Bc5+ 27.
Kf1 $16) 14. Qb3 (14. Qa4+ b5 15. Bxb5+ $2 axb5 16. Qxb5+ Qd7) 14... Nxf3+ 15.
gxf3 exd5 $13) 13... Na5 (13... Ne7) 14. d5 exd5 (14... Nc4 15. Bxc4 Rxc4 16.
O-O (16. Qe2)) 15. exd5 Bd6 (15... Qe7+ 16. Be2 Nc4 17. d6 $1 Nxd6 18. O-O $18)
(15... f6 {>=} 16. d6 Qd7) 16. Bxg7 Qe7+ 17. Be2 Rg8 18. Qh6 $1 f5 (18... Rc2
19. Nd4) 19. Bf6 Qf8 (19... Rg6 20. Qxg6+ hxg6 21. Bxe7 Kxe7 22. h4 $1 Bxa3 23.
h5 $18) 20. Qxh7 Qf7 (20... Rxg2 21. Ne5 $1 $18) 21. Qxf5 Rg6 22. Qe4+ Kf8 23.
Ng5 Rxg5 24. Bxg5 Re8 25. Bh6+ Kg8 26. Qg4+ 1-0

[Event "Interzonal-12c"]
[Site "Moscow"]
[Date "1982.09.22"]
[Round "12"]
[White "Kasparov, Garry"]
[Black "Gheorghiu, Florin"]
[Result "1-0"]
[WhiteElo "2675"]
[BlackElo "2550"]
[Annotator "Kasparov,G"]
[PlyCount "53"]
[EventDate "1982.09.07"]
[EventType "tourn"]
[EventRounds "13"]
[EventCountry "URS"]
[EventCategory "12"]
[SourceTitle "IZT"]
[Source "ChessBase"]
[SourceDate "1999.07.01"]
[SourceVersion "1"]
[SourceVersionDate "1999.07.01"]
[SourceQuality "1"]

1. d4 Nf6 2. c4 e6 3. Nf3 b6 4. a3 Bb7 5. Nc3 d5 6. cxd5 Nxd5 7. Qc2 c5 8. e4
Nxc3 9. bxc3 Be7 10. Bb5+ $1 Bc6 11. Bd3 {>< Bc6} Nd7 12. O-O h6 $6 (12... O-O
13. d5) 13. Rd1 (13. a4 O-O 14. Qe2 $16) (13. d5 exd5 14. exd5 Bxd5 15. Rd1 Be6
16. Be4 (16. Bf5 Bxf5 17. Qxf5 Qc8 $1) 16... Rc8 17. Bf4 O-O 18. Bb7 Bf6 $13)
13... Qc7 $6 (13... O-O 14. d5 exd5 15. exd5 Bb7 16. c4 $16) (13... cxd4 14.
Nxd4 Qc7 15. Nxc6 Qxc6 16. Qe2 $1 $16 {>< /^(a4-e8)}) 14. d5 exd5 15. exd5 Bxd5
16. Bb5 a6 (16... Bc6 17. Bf4 Qb7 18. Bxc6 Qxc6 19. Re1 $16 Kf8 20. Rad1 Re8
21. Qf5 Nf6 22. Ne5 Qc8 23. Nd7+ $1 Nxd7 24. Qxd7 Qxd7 25. Rxd7 g5 26. Rdxe7 $1
Rxe7 27. Bd6 $18) 17. Bf4 $1 (17. Bxd7+ Qxd7 18. c4 Be4 $1) 17... Qxf4 (17...
Qb7 18. Bxd7+ Qxd7 19. c4 Qg4 20. Rxd5 Qxf4 21. Re1 Ra7 22. Ne5 Rc7 23. Ng6
fxg6 24. Qxg6+ Qf7 25. Rd8+ $1 $18) 18. Bxd7+ Kxd7 19. Rxd5+ Kc7 $2 (19... Kc8
{/\ Ra8-a7-c7}) 20. Re1 $1 Bd6 (20... Rhe8 21. Rde5 Qf6 22. Qe4 $18) (20... Bf6
21. Re4 $18) 21. Rf5 Qc4 22. Re4 $1 (22. Nd2 $2 Rhe8 $1) 22... Qb5 23. Rxf7+
Kb8 24. Re6 Rd8 25. c4 Qc6 (25... Qa5 26. Qe4 Ra7 27. Rxd6 $1 $18) 26. Ne5 Qc8
27. Qb1 $1 (27. Qb1 $1 b5 28. cxb5) 1-0

[Event "Olympiad-23"]
[Site "Buenos Aires"]
[Date "1978.11.03"]
[Round "9"]
[White "Day, Lawrence A"]
[Black "Keene, Raymond"]
[Result "1/2-1/2"]
[WhiteElo "2350"]
[BlackElo "2480"]
[Annotator "Keene,R"]
[PlyCount "81"]
[EventDate "1978.10.25"]
[EventType "team-swiss"]
[EventRounds "14"]
[EventCountry "ARG"]
[SourceTitle "EXT 2000"]
[Source "ChessBase"]
[SourceDate "1999.11.16"]
[SourceVersion "1"]
[SourceVersionDate "1999.11.16"]
[SourceQuality "1"]
[WhiteTeam "Canada"]
[BlackTeam "England"]
[WhiteTeamCountry "CAN"]
[BlackTeamCountry "ENG"]

{Inf.26/615} 1. d4 Nf6 2. c4 e6 3. Nf3 b6 4. Bf4 Bb7 5. e3 Ne4 6. Nfd2 (6. Nbd2
g5 $5 7. Be5 f6 8. Nxe4 Bxe4 9. Nxg5 $2 Bb4+ 10. Ke2 Bg6 $19) 6... Be7 (6...
Nxd2 $5) (6... Bb4 $5) 7. Nxe4 Bxe4 8. Nc3 Bb7 9. Bd3 O-O 10. d5 f5 11. h3 Bb4
12. Qb3 Na6 13. Be2 d6 14. O-O-O Bxc3 15. Qxc3 Nc5 16. f3 a5 17. g4 e5 $13 18.
Bg3 Qe7 19. Rd2 Rae8 20. Bd1 e4 $6 (20... c6 $5 21. dxc6 Bxc6 22. gxf5 $1 Rxf5
23. e4 Rf7 24. h4 $1 $13) 21. f4 Nd3+ 22. Kb1 c6 (22... b5 $5) 23. dxc6 Bxc6
24. gxf5 Rxf5 25. Rg1 $14 Qf6 26. Qxf6 Rxf6 27. Bh4 Rf7 (27... Rh6 28. Bg5 $1
Rxh3 29. f5 $1 {/\ Bg4}) 28. Rdg2 Bd7 29. Bf6 $1 g6 30. Bd4 Bxh3 31. Rh2 Bf5 (
31... Be6 $2 32. Rxg6+) 32. Bxb6 Be6 33. Bxa5 Bxc4 34. Bc3 Kf8 35. Ba4 $138 (
35. f5 $1 Rxf5 36. Rxh7) 35... Ra8 36. b3 Bd5 37. Bb2 Rb7 $2 $138 38. Rg5 $1
Rxa4 $8 39. Rxd5 $2 (39. bxa4 Bc4 40. Ka1 $18) 39... Ra6 (39... Rxa2 40. Bg7+
Kxg7 41. Rxa2 Nb4 42. Rxd6 Nxa2 43. Kxa2 h5 $11) 40. Bc3 $2 Rc7 $1 41. Bb2 $8 (
41. Bb2 Rxa2 42. Rxd3 (42. Rxd6 $2 Rxb2+ 43. Rxb2 Rc1+ 44. Ka2 Nxb2 45. Kxb2
Re1) 42... Rxb2+ 43. Kxb2 exd3 44. Rd2 Rc2+ 45. Rxc2 dxc2 46. Kxc2 $11) 1/2-1/2

[Event "World U20-ch15"]
[Site "Groningen"]
[Date "1977.01.01"]
[Round "10"]
[White "Petursson, Margeir"]
[Black "Chandler, Murray G"]
[Result "1-0"]
[WhiteElo "2345"]
[BlackElo "2385"]
[Annotator "Kertesz,A"]
[PlyCount "92"]
[EventDate "1976.12.21"]
[EventType "swiss"]
[EventRounds "13"]
[EventCountry "NED"]
[SourceTitle "EXT 2006"]
[Source "ChessBase"]
[SourceDate "2005.11.24"]
[SourceVersion "1"]
[SourceVersionDate "2005.11.24"]
[SourceQuality "1"]

1. c4 Nf6 2. Nf3 b6 3. d4 e6 4. a3 Bb7 5. Bg5 Be7 6. Nc3 Ne4 7. Nxe4 Bxe4 8.
Bxe7 Qxe7 9. e3 O-O 10. Be2 d6 11. O-O Nd7 12. Rc1 c5 13. Qd2 Rac8 14. Rfd1
Rfd8 15. b4 h6 16. Qc3 Qf6 17. Nd2 Bc6 18. Bf3 cxd4 19. exd4 Bxf3 20. Nxf3 Rc7
21. Qd3 Rdc8 22. d5 Ne5 23. Nxe5 Qxe5 24. dxe6 Qxe6 25. g3 Rxc4 26. Rxc4 Rxc4
27. Qxd6 Qxd6 28. Rxd6 Rc3 29. Rd8+ Kh7 30. Rd7 Rxa3 31. Rxf7 Kg6 32. Rc7 Ra4
33. b5 Kf6 34. h4 g6 35. Kg2 Ra3 (35... h5 $11) 36. g4 g5 $2 37. h5 Ra5 38. Kg3
Ke5 39. Rh7 Rxb5 40. Rxh6 Rb1 41. Rg6 Rg1+ 42. Kf3 Rh1 43. Rxg5+ Kd4 44. Kg2
Rh4 45. f3 Kc4 46. Re5 a5 1-0